XIV Día Internacional del Canto Coral de Barcelona - España
Publicado:
Barcelona :
Ayuntamiento de Barcelona. Junta Municipal Distrito III. Secretaría del Día Internacional del Canto Coral ,
1978
Descripción Física:
[50] p. : fot. ; 23 cm
MARC
| LEADER | 00000nam a2200000Ia 4500 | ||
|---|---|---|---|
| 001 | 21486 | ||
| 003 | BGR | ||
| 005 | 20260324180014.0 | ||
| 008 | 160829s1978 xx 000 0 cat d | ||
| 080 | |a B-2-176 | ||
| 111 | |a Día Internacional del Canto Coral |9 70708 |c (Barcelona: |d 1978) | ||
| 245 | |a XIV Día Internacional del Canto Coral de Barcelona - España | ||
| 260 | |a Barcelona : |b Ayuntamiento de Barcelona. Junta Municipal Distrito III. Secretaría del Día Internacional del Canto Coral, |c 1978 | ||
| 300 | |a [50] p. : |b fot. ; |c 23 cm | ||
| 590 | |a Prové de S-463 | ||
| 650 | |a Cant Coral |x Barcelona |9 48706 | ||
| 650 | |a Corals |x Espanya |x S. XIX-XX |9 43587 | ||
| 710 | 1 | |a Barcelona (Catalunya). |b Ajuntament |9 50981 | |
| 901 | |a Arxiu | ||
| 942 | |n 1 |2 udc |c MON | ||
| 952 | |0 0 |1 0 |4 0 |6 B2176 |7 1 |9 51519 |a Arxiu |b Arxiu |d 2016-12-01 |l 0 |o B-2-176 |p 21486 |r 2016-12-01 00:00:00 |w 2016-12-01 |y ARXIU | ||
| 999 | |c 55364 |d 55364 | ||